000 00342pab a2200145 454500
008 180718b2005 xxu||||| |||| 00| 0 eng d
100 _aWilliamson, Oliver E.
245 _aThe economic of governance
260 _c2005
300 _ap.1-18.
362 _aMay
650 _aEconomics
773 _aAmerican Economic Review
909 _a68060
999 _c68060
_d68060